[Event "ODJM A 2017"]
[Site "Willingen GER"]
[Date "2017.06.05"]
[Round "3"]
[White "Diller, Daniel"]
[Black "Hecht, Carsten"]
[Result "1/2-1/2"]
[Termination "normal"]
[Board "2"]
[WhiteElo "1976"]
[BlackElo "2232"]
[WhiteClock "00:19:36"]
[BlackClock "00:26:04"]
[PlyCount "41"]
[WhiteFideId "12908983"]
[BlackFideId "24693928"]
[EventCountry "GER"]
[EventRounds "9"]
[EventType "swiss"]
[EventDate "2017.06.03"]

1. e4 e5 2. Nf3 Nc6 3. Bc4 Bc5 4. c3 Nf6 5. d3 a6 6. O-O Ba7 7. Re1 d6 8. a4 h6
9. a5 O-O 10. Nbd2 Re8 11. Qb3 Qe7 12. Nf1 Rb8 13. Ng3 Be6 14. h3 Bxc4 15. Qxc4
Qe6 16. Qxe6 Rxe6 17. Be3 Bxe3 18. fxe3 Rd8 19. d4 Ree8 20. d5 Na7 21. Nd2
1/2-1/2

[Event "ODJM A 2017"]
[Site "Willingen GER"]
[Date "2017.06.05"]
[Round "3"]
[White "Rieper, Julian"]
[Black "Denisov, Vladislav"]
[Result "0-1"]
[Termination "normal"]
[Board "4"]
[WhiteElo "2064"]
[BlackElo "2172"]
[WhiteClock "00:25:19"]
[BlackClock "00:30:42"]
[PlyCount "90"]
[WhiteFideId "12936960"]
[BlackFideId "4100867"]
[EventCountry "GER"]
[EventRounds "9"]
[EventType "swiss"]
[EventDate "2017.06.03"]

1. e4 e5 2. Nf3 Nf6 3. Nc3 Nc6 4. Bb5 Nd4 5. Bc4 d6 6. h3 Be6 7. d3 Bxc4 8.
dxc4 Nxf3+ 9. Qxf3 Be7 10. Bd2 O-O 11. g4 Nd7 12. h4 Nc5 13. Nd5 Ne6 14. O-O-O
c6 15. Nxe7+ Qxe7 16. Qg3 Rab8 17. g5 b5 18. cxb5 Rxb5 19. Qa3 Rfb8 20. Be3 c5
21. f3 Qc7 22. Kb1 Qb7 23. b3 Qc7 24. c4 R5b7 25. Qa6 Rb6 26. Qa3 a5 27. Rd3
Ra8 28. Kc2 a4 29. Qb2 axb3+ 30. Rxb3 Rba6 31. a3 Nd4+ 32. Bxd4 cxd4 33. Kd3
Ra4 34. Rc1 g6 35. Rc2 Kg7 36. Qc1 Qc5 37. Ra2 Rc8 38. Rc2 Rc7 39. f4 Rca7 40.
fxe5 Rxa3 41. Rcb2 Rb7 42. Qc2 dxe5 43. Rb1 Qb4 44. Rxa3 Qxa3+ 45. Kd2 Qe3+ 0-1

[Event "ODJM A 2017"]
[Site "Willingen GER"]
[Date "2017.06.05"]
[Round "3"]
[White "Holtel, Jasper"]
[Black "Hofmann, Marko"]
[Result "1-0"]
[Termination "normal"]
[Board "8"]
[WhiteTitle "FM"]
[WhiteElo "2297"]
[BlackElo "1837"]
[WhiteClock "00:23:39"]
[BlackClock "00:18:33"]
[PlyCount "93"]
[WhiteFideId "12956376"]
[BlackFideId "12935875"]
[EventCountry "GER"]
[EventRounds "9"]
[EventType "swiss"]
[EventDate "2017.06.03"]

1. Nf3 d5 2. g3 c5 3. Bg2 Nc6 4. d4 e6 5. O-O Nf6 6. c4 Be7 7. cxd5 exd5 8. Nc3
O-O 9. dxc5 Be6 10. Na4 Rc8 11. a3 Ne4 12. Be3 Na5 13. b4 Nc4 14. Bd4 Bf6 15.
Qd3 Qd7 16. Bxf6 Nxf6 17. Nc3 b6 18. cxb6 axb6 19. Rfc1 Rfd8 20. Qd4 h6 21. e3
b5 22. Ne5 Nxe5 23. Qxe5 Rc4 24. Ne2 Ng4 25. Qb2 Rdc8 26. Nd4 Ne5 27. Bf1 Rxd4
28. exd4 Nf3+ 29. Kh1 Rxc1 30. Rxc1 Qe7 31. Bg2 Qf6 32. Qc3 Ng5 33. Qe3 Qg6 34.
h4 Ne4 35. Re1 Nf6 36. Kg1 Ng4 37. Qe2 Qf6 38. Bh3 h5 39. Bxg4 Bxg4 40. Qe5 Qf3
41. Qe3 Qf6 42. Qf4 Qg6 43. Kg2 Be6 44. Qb8+ Kh7 45. Qxb5 Qf5 46. Qe2 Qh3+ 47.
Kg1 1-0

[Event "ODJM A 2017"]
[Site "Willingen GER"]
[Date "2017.06.05"]
[Round "3"]
[White "Ciolek, Andreas"]
[Black "Koch, Yannick"]
[Result "1/2-1/2"]
[Termination "normal"]
[Board "9"]
[WhiteElo "2184"]
[BlackElo "1927"]
[WhiteClock "00:16:02"]
[BlackClock "00:12:40"]
[PlyCount "129"]
[WhiteFideId "12906727"]
[BlackFideId "24661678"]
[EventCountry "GER"]
[EventRounds "9"]
[EventType "swiss"]
[EventDate "2017.06.03"]

1. e4 c5 2. Nf3 a6 3. c4 Nc6 4. d4 cxd4 5. Nxd4 e5 6. Ne2 Nf6 7. Nbc3 Bc5 8. h3
Qb6 9. Qd2 Bxf2+ 10. Kd1 O-O 11. g4 d6 12. Bg2 Be6 13. b3 Nd4 14. Rf1 Nxb3 15.
axb3 Qxb3+ 16. Qc2 Qxc2+ 17. Kxc2 Bc5 18. Nd5 Nxd5 19. exd5 Bd7 20. Ba3 Rfc8
21. Kb3 b5 22. Bxc5 bxc4+ 23. Kc3 Rxc5 24. Ng3 Rb5 25. Rfb1 Kf8 26. Rxb5 Bxb5
27. Nf5 Rd8 28. Bf1 g6 29. Ne3 Rc8 30. Bxc4 Rc5 31. Ra5 Ke7 32. Kb4 Kf6 33. h4
e4 34. Bxb5 axb5 35. Rxb5 Rc1 36. Rb6 Rb1+ 37. Ka5 Ra1+ 38. Kb5 Ke5 39. Kc6
Rc1+ 40. Kd7 f5 41. gxf5 gxf5 42. Nxf5 Kxf5 43. Kxd6 e3 44. Rb2 Rd1 45. Kc6 Rd2
46. Rb8 Rd4 47. Re8 Re4 48. Rxe4 Kxe4 49. d6 e2 50. d7 e1=Q 51. d8=Q Qc3+ 52.
Kb7 Qb4+ 53. Kc8 Qc5+ 54. Kb8 Qb5+ 55. Kc8 Qf5+ 56. Kb8 Qe5+ 57. Kc8 Qf5+ 58.
Kb8 h5 59. Qe7+ Kf3 60. Qg5 Qg4 61. Kc7 Kg3 62. Kd6 Kh3 63. Ke5 Qxh4 64. Qxh4+
Kxh4 65. Kf4 1/2-1/2

[Event "ODJM A 2017"]
[Site "Willingen GER"]
[Date "2017.06.05"]
[Round "3"]
[White "Schimnatkowski, Lukas"]
[Black "Sabirov, Ramil"]
[Result "0-1"]
[Termination "normal"]
[Board "10"]
[WhiteElo "2021"]
[BlackElo "2038"]
[WhiteClock "00:16:51"]
[BlackClock "00:01:24"]
[PlyCount "80"]
[WhiteFideId "12936723"]
[BlackFideId "12900303"]
[EventCountry "GER"]
[EventRounds "9"]
[EventType "swiss"]
[EventDate "2017.06.03"]

1. c4 c5 2. Nc3 Nc6 3. g3 g6 4. Bg2 Bg7 5. Nf3 e5 6. O-O Nge7 7. a3 d6 8. Rb1
a5 9. d3 O-O 10. Bg5 Be6 11. Bxe7 Qxe7 12. Ne1 Rab8 13. Nc2 Qd7 14. b4 axb4 15.
axb4 b6 16. b5 Ne7 17. Ne3 f5 18. Qc2 f4 19. Ned5 Nf5 20. Na4 Nd4 21. Qd1 f3
22. exf3 Bxd5 23. cxd5 Nxb5 24. Qd2 Rb7 25. Qb2 Nd4 26. Nxb6 Qd8 27. Bh3 e4 28.
Kh1 Rxf3 29. Rfe1 Rxd3 30. Qa2 Rxb6 31. Rxb6 Qxb6 32. Qa8+ Bf8 33. Rxe4 Rd1+
34. Kg2 Rg1+ 35. Kxg1 Qb1+ 36. Bf1 Nf3+ 37. Kg2 Qxe4 38. Qa3 Nd2+ 39. f3 Qxd5
40. Be2 h6 0-1

[Event "ODJM A 2017"]
[Site "Willingen GER"]
[Date "2017.06.05"]
[Round "3"]
[White "Yi, Danny"]
[Black "Schnabel, Bennett"]
[Result "1/2-1/2"]
[Termination "normal"]
[Board "11"]
[WhiteElo "2066"]
[BlackElo "2137"]
[WhiteClock "00:17:03"]
[BlackClock "00:19:12"]
[PlyCount "63"]
[WhiteFideId "12988588"]
[BlackFideId "12943290"]
[EventCountry "GER"]
[EventRounds "9"]
[EventType "swiss"]
[EventDate "2017.06.03"]

1. e4 c5 2. Nf3 g6 3. d4 cxd4 4. Nxd4 Nc6 5. c4 Nf6 6. Nc3 d6 7. Be2 Nxd4 8.
Qxd4 Bg7 9. O-O O-O 10. Qd1 a5 11. Be3 a4 12. Rc1 Be6 13. f3 Qa5 14. Qd2 Rfc8
15. Nb5 Qxd2 16. Bxd2 Nd7 17. Rc2 f5 18. Bg5 Kf7 19. exf5 Bxf5 20. Rd2 Ne5 21.
Re1 h6 22. Bf4 g5 23. Bg3 Be6 24. b3 axb3 25. axb3 Bd7 26. Nd4 Nc6 27. Bf2 Ra3
28. Rb1 Na5 29. Bd1 Nc6 30. Nb5 Ra6 31. Bc2 Ne5 32. Be4 1/2-1/2

[Event "ODJM A 2017"]
[Site "Willingen GER"]
[Date "2017.06.05"]
[Round "3"]
[White "Schlick, Stefan"]
[Black "Terhuven, Patrick"]
[Result "1/2-1/2"]
[Termination "normal"]
[Board "12"]
[WhiteElo "2012"]
[BlackElo "2171"]
[WhiteClock "01:20:06"]
[BlackClock "00:23:09"]
[PlyCount "59"]
[WhiteFideId "16211332"]
[BlackFideId "12919098"]
[EventCountry "GER"]
[EventRounds "9"]
[EventType "swiss"]
[EventDate "2017.06.03"]

1. d4 d5 2. c4 e6 3. Nc3 c6 4. Nf3 dxc4 5. a4 Bb4 6. e3 b5 7. Bd2 a5 8. axb5
Bxc3 9. Bxc3 cxb5 10. b3 Bb7 11. bxc4 b4 12. Bb2 Nf6 13. Bd3 O-O 14. O-O Nbd7
15. Nd2 Qc7 16. f4 a4 17. Rb1 Qd6 18. Qe2 Rfd8 19. e4 Nc5 20. e5 Qc6 21. exf6
Nxd3 22. Ba1 b3 23. Rf3 Nb4 24. Qe5 g6 25. Qg5 Qd6 26. Rh3 Qf8 27. Rh6 Kh8 28.
Qh4 Qg8 29. d5 Bxd5 30. cxd5 1/2-1/2

[Event "ODJM A 2017"]
[Site "Willingen GER"]
[Date "2017.06.05"]
[Round "3"]
[White "Meyer, Henrik"]
[Black "Irkilmez, Yakub"]
[Result "1/2-1/2"]
[Termination "normal"]
[Board "13"]
[WhiteElo "2125"]
[BlackElo "1921"]
[PlyCount "91"]
[WhiteFideId "12958182"]
[BlackFideId "16204581"]
[EventCountry "GER"]
[EventRounds "9"]
[EventType "swiss"]
[EventDate "2017.06.03"]

1. e4 e6 2. Nf3 d5 3. e5 c5 4. b4 cxb4 5. a3 Nc6 6. d4 Bd7 7. axb4 Bxb4+ 8. c3
Ba5 9. Bd3 Bc7 10. O-O Nge7 11. Na3 a6 12. Nc2 h6 13. Ne3 b5 14. Ba3 Na5 15.
Nh4 Nc4 16. Bxc4 dxc4 17. f4 g6 18. Qf3 h5 19. Bxe7 Kxe7 20. f5 gxf5 21. Nhxf5+
exf5 22. Nd5+ Kf8 23. Nxc7 Ra7 24. Nxa6 Rh6 25. Nb4 Ra4 26. Rad1 h4 27. d5 Rxb4
28. cxb4 h3 29. g3 Rg6 30. Rf2 Qe7 31. Qc3 Qh4 32. e6 fxe6 33. dxe6 Bxe6 34.
Qe5 Qg5 35. Qc7 Qe7 36. Qb8+ Kg7 37. Qe5+ Rf6 38. Qxb5 Qc7 39. Qc5 Qb7 40. b5
c3 41. Rc1 Qe4 42. Qe7+ Kg6 43. b6 Qe3 44. Qa3 Bd5 45. Rxc3 Qe1+ 46. Rf1
1/2-1/2

[Event "ODJM A 2017"]
[Site "Willingen GER"]
[Date "2017.06.05"]
[Round "3"]
[White "Thumm, Felix"]
[Black "Wanner, Lukas"]
[Result "0-1"]
[Termination "normal"]
[Board "14"]
[WhiteElo "1879"]
[BlackElo "2002"]
[PlyCount "120"]
[WhiteFideId "12902209"]
[BlackFideId "12918148"]
[EventCountry "GER"]
[EventRounds "9"]
[EventType "swiss"]
[EventDate "2017.06.03"]

1. d4 Nf6 2. Nf3 g6 3. e3 Bg7 4. b3 O-O 5. Bb2 d6 6. Bd3 e5 7. dxe5 Ng4 8. Nbd2
Nxe5 9. Nxe5 dxe5 10. O-O Be6 11. Be4 c6 12. Qe2 f5 13. Bd3 e4 14. Bc4 Bxb2 15.
Bxe6+ Kg7 16. Rad1 Qe7 17. Bc4 b5 18. Bxb5 cxb5 19. Qxb5 Bf6 20. Qd5 Nd7 21.
Nc4 Rfd8 22. Na5 Nb6 23. Qb5 Qe5 24. Qxe5 Bxe5 25. Rxd8 Rxd8 26. Nc6 Rd5 27. c4
Rc5 28. Nxa7 Kf6 29. Nb5 Nd5 30. Rc1 Nb4 31. a3 Nd3 32. Rc2 Ke6 33. g3 Rc8 34.
Kf1 h5 35. Ke2 h4 36. Nd4+ Kd6 37. f4 Bxd4 38. exd4 hxg3 39. hxg3 Rh8 40. Ke3
Rh1 41. c5+ Kc6 42. d5+ Kxd5 43. c6 Rh8 44. b4 Rc8 45. b5 Nc5 46. Rc3 Na4 47.
Rc1 Nb6 48. Kd2 Nc4+ 49. Kc3 Nxa3 50. Kb4 Nxb5 51. Kxb5 e3 52. Kb6 Ke4 53. Kb7
Re8 54. c7 e2 55. c8=Q Rxc8 56. Rxc8 Kf3 57. Re8 Kf2 58. Kc6 e1=Q 59. Rxe1 Kxe1
60. Kd5 Kf2 0-1

[Event "ODJM A 2017"]
[Site "Willingen GER"]
[Date "2017.06.05"]
[Round "3"]
[White "Engel, Robert"]
[Black "Orshonova, Elena"]
[Result "0-1"]
[Termination "normal"]
[Board "15"]
[BlackTitle "WFM"]
[WhiteElo "1887"]
[BlackElo "2019"]
[PlyCount "56"]
[WhiteFideId "12974684"]
[BlackFideId "24174750"]
[EventCountry "GER"]
[EventRounds "9"]
[EventType "swiss"]
[EventDate "2017.06.03"]

1. c4 Nf6 2. Nf3 d6 3. d4 g6 4. Nc3 Bg7 5. e4 O-O 6. h3 Nc6 7. d5 Nb8 8. Be3
Na6 9. Be2 Nc5 10. Nd2 a5 11. g4 c6 12. g5 Nfd7 13. Qc2 cxd5 14. cxd5 b6 15.
Nb3 Nxb3 16. Qxb3 Nc5 17. Bxc5 bxc5 18. O-O-O a4 19. Qc2 a3 20. b3 Qa5 21. Kd2
Ba6 22. Bxa6 Rxa6 23. Rc1 f5 24. Ke2 Rb6 25. Qd2 Rb4 26. f3 fxe4 27. Nxe4 Rxe4+
28. fxe4 Rf2+ 0-1

[Event "ODJM A 2017"]
[Site "Willingen GER"]
[Date "2017.06.05"]
[Round "3"]
[White "Gorainow, Nikita"]
[Black "Stemmler, Fabian"]
[Result "1/2-1/2"]
[Termination "normal"]
[Board "16"]
[WhiteElo "1812"]
[BlackElo "1982"]
[PlyCount "41"]
[WhiteFideId "12970093"]
[BlackFideId "12964808"]
[EventCountry "GER"]
[EventRounds "9"]
[EventType "swiss"]
[EventDate "2017.06.03"]

1. e4 e5 2. Nf3 Nc6 3. Nc3 Nf6 4. Bb5 d6 5. d4 exd4 6. Nxd4 Bd7 7. O-O Be7 8.
Bf4 O-O 9. Nxc6 bxc6 10. Bc4 Be6 11. Bxe6 fxe6 12. e5 Nd5 13. Nxd5 cxd5 14. Qg4
Qd7 15. Rfe1 Rae8 16. Re3 dxe5 17. Bxe5 Bc5 18. Bd4 Bd6 19. Be5 c5 20. Rae1
Bxe5 21. Rxe5 1/2-1/2

[Event "ODJM A 2017"]
[Site "Willingen GER"]
[Date "2017.06.05"]
[Round "3"]
[White "Lüßmann, Thomas"]
[Black "Brunner, Tobias"]
[Result "1-0"]
[Termination "normal"]
[Board "17"]
[WhiteElo "1952"]
[BlackElo "1841"]
[PlyCount "53"]
[WhiteFideId "1270602"]
[BlackFideId "12949833"]
[EventCountry "GER"]
[EventRounds "9"]
[EventType "swiss"]
[EventDate "2017.06.03"]

1. d4 f5 2. Nc3 Nf6 3. Bg5 e6 4. e4 fxe4 5. Nxe4 Be7 6. Bxf6 Bxf6 7. Nf3 O-O 8.
Bd3 Nc6 9. c3 b6 10. h4 d5 11. Nxf6+ Qxf6 12. Qe2 a5 13. O-O-O Qf4+ 14. Kb1 e5
15. Bb5 Bf5+ 16. Ka1 Na7 17. Nxe5 Nxb5 18. Qxb5 Be6 19. Qc6 Rfe8 20. f3 a4 21.
g3 Qe3 22. Rhe1 Qf2 23. a3 Rad8 24. Qxc7 Rc8 25. Qb7 Qc2 26. Rc1 Qb3 27. Nc6
1-0

[Event "ODJM A 2017"]
[Site "Willingen GER"]
[Date "2017.06.05"]
[Round "3"]
[White "Petersen, Finn Christopher"]
[Black "Longo, Claudio"]
[Result "0-1"]
[Termination "normal"]
[Board "18"]
[WhiteElo "1720"]
[BlackElo "1979"]
[PlyCount "66"]
[WhiteFideId "12964840"]
[BlackFideId "12994766"]
[EventCountry "GER"]
[EventRounds "9"]
[EventType "swiss"]
[EventDate "2017.06.03"]

1. e4 d5 2. exd5 Nf6 3. d4 Nxd5 4. c4 Nb6 5. Nc3 g6 6. Nf3 Bg7 7. Be3 O-O 8.
Be2 Bg4 9. h3 Bxf3 10. Bxf3 c6 11. b3 e5 12. dxe5 Bxe5 13. Rc1 f5 14. O-O Qf6
15. Qc2 Na6 16. a3 Bd6 17. b4 Qe5 18. g3 f4 19. Bd4 Qxd4 20. Rcd1 Qxc4 21. Rxd6
Na4 22. Rxg6+ Kh8 23. Rh6 Rf7 24. Rc1 fxg3 25. fxg3 Qd4+ 26. Kg2 Qe3 27. Rxh7+
Rxh7 28. Nxa4 Rd8 29. Rd1 Rhd7 30. Rxd7 Rxd7 31. Qc3+ Qxc3 32. Nxc3 Rd2+ 33.
Kf1 Rd3 0-1

[Event "ODJM A 2017"]
[Site "Willingen GER"]
[Date "2017.06.05"]
[Round "3"]
[White "Mantel, Ruben"]
[Black "Nasoyan, Maksim"]
[Result "1-0"]
[Termination "normal"]
[Board "19"]
[WhiteElo "1961"]
[BlackElo "1917"]
[PlyCount "67"]
[WhiteFideId "12930121"]
[BlackFideId "16220331"]
[EventCountry "GER"]
[EventRounds "9"]
[EventType "swiss"]
[EventDate "2017.06.03"]

1. e4 g6 2. Nc3 Bg7 3. g3 d6 4. Bg2 Nf6 5. d3 O-O 6. f4 Nc6 7. Nf3 Nh5 8. O-O
Bg4 9. h3 Bxf3 10. Qxf3 Nd4 11. Qf2 c5 12. g4 Nf6 13. f5 e6 14. g5 Nh5 15. f6
Bh8 16. Be3 Qb6 17. Rab1 Qa5 18. h4 h6 19. a3 Nc6 20. Bf3 Ne5 21. Bxh5 gxh5 22.
Kh1 Ng4 23. Qf3 Kh7 24. Rg1 Rg8 25. Ne2 c4 26. d4 hxg5 27. d5 gxh4 28. Nf4 exd5
29. Nxd5 Rg6 30. Qf5 Qd8 31. Qxh5+ Nh6 32. Rxg6 fxg6 33. Qxh6+ Kg8 34. Qxg6+
1-0

[Event "ODJM A 2017"]
[Site "Willingen GER"]
[Date "2017.06.05"]
[Round "3"]
[White "Garbuz, Vitaliy"]
[Black "Joeres, Stefan"]
[Result "1-0"]
[Termination "normal"]
[Board "20"]
[WhiteElo "1841"]
[BlackElo "1995"]
[PlyCount "45"]
[WhiteFideId "12990710"]
[BlackFideId "12983160"]
[EventCountry "GER"]
[EventRounds "9"]
[EventType "swiss"]
[EventDate "2017.06.03"]

1. e4 c5 2. d4 cxd4 3. c3 dxc3 4. Nxc3 Nc6 5. Nf3 d6 6. Bc4 e6 7. O-O Be7 8.
Qe2 Nf6 9. Rd1 e5 10. Be3 O-O 11. Rac1 Be6 12. Bxe6 fxe6 13. Qc4 Qd7 14. Ng5
Nd8 15. h3 h6 16. Nf3 Rc8 17. Qb3 Nc6 18. Nd2 d5 19. exd5 exd5 20. Nde4 Kh7 21.
Nxf6+ Rxf6 22. Nxd5 Rd6 23. Bc5 1-0

[Event "ODJM A 2017"]
[Site "Willingen GER"]
[Date "2017.06.05"]
[Round "3"]
[White "Englert, Jon"]
[Black "Pölt, Christoph"]
[Result "1/2-1/2"]
[Termination "normal"]
[Board "21"]
[WhiteElo "1929"]
[BlackElo "1905"]
[PlyCount "81"]
[WhiteFideId "12992275"]
[BlackFideId "12960853"]
[EventCountry "GER"]
[EventRounds "9"]
[EventType "swiss"]
[EventDate "2017.06.03"]

1. d4 Nf6 2. c4 g6 3. f3 d5 4. cxd5 Nxd5 5. e4 Nb6 6. Nc3 Bg7 7. Be3 O-O 8. Qd2
Nc6 9. O-O-O f5 10. e5 Nb4 11. h4 Be6 12. Kb1 N4d5 13. Bh6 f4 14. Bxg7 Kxg7 15.
g4 Ne3 16. h5 Nxd1 17. Nxd1 Bc4 18. Ne2 Bxe2 19. Bxe2 Nd5 20. Bd3 Rh8 21. a3
Rc8 22. Qc2 c5 23. Bxg6 h6 24. Bf5 Rc6 25. Qg2 e6 26. Be4 cxd4 27. Rg1 Kf8 28.
Qd2 Rg8 29. Qxd4 Qb6 30. Qxb6 Rxb6 31. Nf2 Nc3+ 32. Kc2 Nxe4 33. Nxe4 Ke7 34.
Nd6 Rc6+ 35. Kd3 b6 36. Re1 Rc5 37. b4 Rd5+ 38. Ke4 Rf8 39. Rc1 Kd7 40. Rc3 Rd1
41. Rd3 1/2-1/2

[Event "ODJM A 2017"]
[Site "Willingen GER"]
[Date "2017.06.05"]
[Round "3"]
[White "Greßmann, Hanna"]
[Black "Hinrichs, Niklas"]
[Result "0-1"]
[Termination "normal"]
[Board "22"]
[WhiteElo "1840"]
[BlackElo "1930"]
[PlyCount "82"]
[WhiteFideId "12930709"]
[BlackFideId "12942499"]
[EventCountry "GER"]
[EventRounds "9"]
[EventType "swiss"]
[EventDate "2017.06.03"]

1. e4 c5 2. Nc3 a6 3. f4 b5 4. d3 Bb7 5. Nf3 e6 6. Qe2 Be7 7. g3 d5 8. Bg2 Nf6
9. e5 Nfd7 10. a3 Nc6 11. Nd1 Nb6 12. Be3 Qc7 13. d4 c4 14. Bh3 g6 15. Qd2 a5
16. c3 b4 17. axb4 axb4 18. Rxa8+ Bxa8 19. g4 h5 20. Ng5 bxc3 21. bxc3 Na4 22.
Qa2 Qa5 23. Bd2 Qb5 24. Bc1 Na5 25. Ba3 Qb3 26. Qxb3 cxb3 27. Bxe7 Kxe7 28. Bf1
b2 29. Bd3 Rb8 30. Bb1 Nc4 31. Nf3 Na3 32. Nd2 Rc8 33. Bd3 Nxc3 34. Nxb2 hxg4
35. Kf2 Nab5 36. Ke3 Rh8 37. Nb3 Rh3+ 38. Kd2 Ne4+ 39. Bxe4 dxe4 40. Nc5 e3+
41. Kd3 Bxh1 0-1

[Event "ODJM A 2017"]
[Site "Willingen GER"]
[Date "2017.06.05"]
[Round "3"]
[White "Kornitzky, Tino"]
[Black "Doll, Alexander"]
[Result "1/2-1/2"]
[Termination "normal"]
[Board "23"]
[WhiteElo "1996"]
[BlackElo "1784"]
[PlyCount "81"]
[WhiteFideId "12970379"]
[BlackFideId "16228294"]
[EventCountry "GER"]
[EventRounds "9"]
[EventType "swiss"]
[EventDate "2017.06.03"]

1. d4 Nf6 2. c4 g6 3. Nc3 Bg7 4. e4 d6 5. Nf3 O-O 6. Be2 e5 7. d5 Nh5 8. g3 f5
9. exf5 Bxf5 10. Nh4 Nf4 11. Nxf5 Nxe2 12. Qxe2 Rxf5 13. Ne4 Nd7 14. Be3 a5 15.
h4 h6 16. h5 g5 17. Qg4 Qf8 18. Bxg5 hxg5 19. h6 Bxh6 20. Qh3 Nc5 21. Nxc5 dxc5
22. Qxh6 Qxh6 23. Rxh6 Kg7 24. Re6 Rh8 25. O-O-O Rxf2 26. Re7+ Kf6 27. Rxc7
Rhh2 28. Rxb7 Rc2+ 29. Kb1 e4 30. d6 Rcd2 31. Rxd2 Rxd2 32. Re7 Rxd6 33. Rxe4
Kf5 34. Re3 Rd2 35. Kc1 Rg2 36. Ra3 Ke4 37. Rc3 Kd4 38. a3 a4 39. Kb1 g4 40.
Kc1 Rg1+ 41. Kd2 1/2-1/2

[Event "ODJM A 2017"]
[Site "Willingen GER"]
[Date "2017.06.05"]
[Round "3"]
[White "Herbrig, Marie-Helén"]
[Black "Tresch, Lukas"]
[Result "0-1"]
[Termination "normal"]
[Board "24"]
[WhiteElo "1884"]
[BlackElo "2043"]
[PlyCount "90"]
[WhiteFideId "12900427"]
[BlackFideId "12938866"]
[EventCountry "GER"]
[EventRounds "9"]
[EventType "swiss"]
[EventDate "2017.06.03"]

1. d4 Nf6 2. Nf3 e6 3. Bf4 c5 4. e3 cxd4 5. exd4 b6 6. Bd3 Bb7 7. Nbd2 Be7 8.
O-O d6 9. c3 O-O 10. Qc2 Nbd7 11. Rfe1 Qc7 12. Ng5 h6 13. Nge4 Rfe8 14. Rad1
Rac8 15. Qa4 a6 16. h3 b5 17. Qb3 Bd5 18. Qc2 e5 19. Nxf6+ Bxf6 20. dxe5 dxe5
21. Bg3 Qc6 22. Bf5 Rcd8 23. Ne4 Be7 24. f3 Nb6 25. Nf2 Bc5 26. Rxe5 Nc4 27.
Rxe8+ Rxe8 28. Bf4 Bxf3 29. gxf3 Qxf3 30. Bg4 Qxf4 31. Rd3 Re1+ 32. Kg2 Ne3+
33. Rxe3 Qxe3 34. Qf5 Qxf2+ 35. Qxf2 Bxf2 36. Kxf2 Rb1 37. b3 Rb2+ 38. Ke3 Rxa2
39. Kd4 Kf8 40. Kc5 Ke7 41. Bc8 Kd8 42. Bg4 Kc7 43. Bf3 f5 44. Bd5 Rh2 45. Be6
Rxh3 0-1

[Event "ODJM A 2017"]
[Site "Willingen GER"]
[Date "2017.06.05"]
[Round "3"]
[White "Fistoul, Boris"]
[Black "Knüdel, Torben"]
[Result "1/2-1/2"]
[Termination "normal"]
[Board "25"]
[WhiteElo "1902"]
[BlackElo "1845"]
[PlyCount "94"]
[WhiteFideId "12953962"]
[BlackFideId "16208820"]
[EventCountry "GER"]
[EventRounds "9"]
[EventType "swiss"]
[EventDate "2017.06.03"]

1. d4 Nf6 2. c4 c5 3. d5 b5 4. cxb5 a6 5. bxa6 g6 6. Nc3 Bxa6 7. g3 d6 8. e4
Bxf1 9. Kxf1 Bg7 10. f4 Nbd7 11. Nf3 O-O 12. Kg2 Ra6 13. Qd3 Qa8 14. Re1 Rb8
15. h3 Ne8 16. a3 Nc7 17. g4 Nb6 18. h4 Na4 19. Nxa4 Rxa4 20. Rb1 Qb7 21. b3
Ra6 22. b4 Rb6 23. Be3 Na6 24. Nd2 Rb5 25. bxc5 Nxc5 26. Bxc5 dxc5 27. Rxb5
Qxb5 28. Qxb5 Rxb5 29. Rb1 Rxb1 30. Nxb1 c4 31. e5 f6 32. d6 exd6 33. exd6 Kf7
34. a4 Ke6 35. Na3 c3 36. Kf3 Bf8 37. f5+ gxf5 38. gxf5+ Kd7 39. Ke4 Bxd6 40.
Nc2 h5 41. Kd3 Bg3 42. Kxc3 Bxh4 43. Kd3 Kc6 44. Nd4+ Kb6 45. Ne6 Bg3 46. Ke4
Ka5 47. Ng7 h4 1/2-1/2

[Event "ODJM A 2017"]
[Site "Willingen GER"]
[Date "2017.06.05"]
[Round "3"]
[White "Helmer, Jan"]
[Black "Munkhjargal, Narmandakh"]
[Result "1-0"]
[Termination "normal"]
[Board "26"]
[WhiteElo "1849"]
[BlackElo "1957"]
[PlyCount "67"]
[WhiteFideId "12956686"]
[BlackFideId "4903382"]
[EventCountry "GER"]
[EventRounds "9"]
[EventType "swiss"]
[EventDate "2017.06.03"]

1. d4 Nf6 2. Bg5 e6 3. Nd2 d5 4. e3 c5 5. c3 Nbd7 6. Ngf3 Be7 7. Bd3 b6 8. O-O
Bb7 9. Re1 Ne4 10. Bxe7 Qxe7 11. Qc2 f5 12. Bb5 O-O 13. Bxd7 Qxd7 14. Nxe4 fxe4
15. Ne5 Qe7 16. Rac1 Rf5 17. f4 exf3 18. Nxf3 Raf8 19. Rf1 Qf6 20. Qe2 Qh6 21.
Rf2 Qh5 22. h3 Qe8 23. Rc2 Qc8 24. Qe1 Ba6 25. Ne5 Bb5 26. Rxf5 exf5 27. Qf2
Qa6 28. Qf3 Qxa2 29. c4 Bxc4 30. Rxc4 dxc4 31. Qd5+ Kh8 32. Nf7+ Kg8 33. Nh6+
Kh8 34. Qg8+ 1-0

[Event "ODJM A 2017"]
[Site "Willingen GER"]
[Date "2017.06.05"]
[Round "3"]
[White "Udaykumar, Arunn Mark"]
[Black "Kreutz, Jonas"]
[Result "1/2-1/2"]
[Termination "normal"]
[Board "28"]
[WhiteElo "1793"]
[BlackElo "1926"]
[PlyCount "90"]
[WhiteFideId "12965456"]
[BlackFideId "12970697"]
[EventCountry "GER"]
[EventRounds "9"]
[EventType "swiss"]
[EventDate "2017.06.03"]

1. a4 e5 2. a5 Nf6 3. g3 c6 4. d3 d5 5. Bg2 Bc5 6. Nf3 e4 7. dxe4 Nxe4 8. O-O
Nd7 9. c3 Ndf6 10. b4 Be7 11. Bb2 O-O 12. Nbd2 Qe8 13. Nxe4 Nxe4 14. Nd2 Nd6
15. Rc1 Bg5 16. e3 Bf5 17. Re1 Bf6 18. e4 dxe4 19. Nxe4 Nxe4 20. Bxe4 Bxe4 21.
Qg4 Qd8 22. Rxe4 Re8 23. Rce1 Rxe4 24. Qxe4 g6 25. Qe2 b6 26. a6 Qd7 27. c4
Bxb2 28. Qxb2 Qd3 29. Qe2 Qxe2 30. Rxe2 Kf8 31. Rd2 Ke7 32. Kf1 Rd8 33. Rxd8
Kxd8 34. Ke2 Kd7 35. Kd3 Kd6 36. f4 b5 37. g4 h6 38. h4 bxc4+ 39. Kxc4 Kc7 40.
Kc5 f6 41. g5 fxg5 42. fxg5 h5 43. b5 cxb5 44. Kxb5 Kd6 45. Kc4 Kc6 1/2-1/2

[Event "ODJM A 2017"]
[Site "Willingen GER"]
[Date "2017.06.05"]
[Round "3"]
[White "Bui, Hai Lam"]
[Black "Faulhaber, Tobias"]
[Result "1-0"]
[Termination "normal"]
[Board "29"]
[WhiteElo "1916"]
[BlackElo "1850"]
[PlyCount "89"]
[WhiteFideId "12975737"]
[BlackFideId "1271914"]
[EventCountry "GER"]
[EventRounds "9"]
[EventType "swiss"]
[EventDate "2017.06.03"]

1. e4 e6 2. d4 d5 3. Nc3 h6 4. Bd3 Nc6 5. Nf3 Nb4 6. Bb5+ c6 7. Be2 Nf6 8. e5
Ne4 9. a3 Nxc3 10. bxc3 Na6 11. c4 c5 12. c3 Be7 13. h4 Nc7 14. h5 dxc4 15.
Bxc4 b5 16. Ba2 Bb7 17. Bb2 b4 18. O-O bxc3 19. Bxc3 Nb5 20. Bb2 Bxf3 21. Qxf3
Nxd4 22. Bxd4 cxd4 23. Qc6+ Kf8 24. f4 d3 25. Kh2 Rc8 26. Qe4 Bc5 27. Rf3 d2
28. Rd1 Qh4+ 29. Rh3 Qf2 30. Rf3 Qh4+ 31. Rh3 Qf2 32. Rf3 Qg1+ 33. Rxg1 Bxg1+
34. Kxg1 d1=Q+ 35. Rf1 Qc2 36. Qb7 Qc7 37. Qe4 Ke7 38. f5 Qc2 39. Qh4+ Ke8 40.
fxe6 Qxa2 41. Qa4+ Kf8 42. Qd7 Kg8 43. Qxc8+ Kh7 44. Qxh8+ Kxh8 45. exf7 1-0